000 00854nam a2200241Ia 4500
005 20250701164517.0
008 008 250505s9999 xx 000 0 eng d
020 _a9784876983568
037 _aTextual
040 _aEASL
_beng
_cEASL
041 _aeng
_2eng
084 _aY:1.43, R4
_qEASL
100 _aOtmazgin Nissim Ed.
_9815096
245 0 _aPopular Culture Co-productions and Collaborations in East and Southeast Asia
260 _aJapan
_bKyoto Kyoto University Press Japan
_c2013
300 _a276pg
365 _aUK
490 _aKyoto CSEAS Series on Asian Studies 7
650 _aPopular culture-East Asia; Popular culture-Southeast Asia; Cultural industries- East Asia; Cultural industries-Southeast Asia
_9815097
700 _aBen-Ari Eyal Ed.
_9283779
942 _cTEXL
_hY:1.43, R4
999 _c1433317
_d1433317